[Event "Sousse BICA op 1st"]
[Site "Sousse"]
[Date "2021.12.28"]
[Round "7"]
[White "Chorfen, Youssef"]
[Black "Chikhaoui, Walid"]
[Result "0-1"]
[WhiteElo "1851"]
[BlackElo "2113"]
[PlyCount "200"]
[EventDate "2021.12.24"]
[EventType "swiss"]
[EventRounds "9"]
[EventCountry "TUN"]
[SourceTitle "CBM 205 Extra"]
[Source "ChessBase"]
[SourceDate "2022.01.31"]
[SourceVersion "1"]
[SourceVersionDate "2022.01.31"]
[SourceQuality "1"]

1. c4 e5 2. g3 d6 3. Bg2 f5 4. Nc3 Nf6 5. b3 Be7 6. e3 0-0 7. Nge2 c6 8. d4 e4 9. d5 c5 10. Nf4 Na6 11. a3 g5 12. Nh5 Qe8 13. Nxf6+ Bxf6 14. Qc2 Nc7 15. Rb1 b6 16. 0-0 g4 17. Ne2 Be5 18. Bb2 Ba6 19. Nf4 Rd8 20. Rfd1 Rf6 21. h4 Bxb2 22. Rxb2 Bc8 23. b4 Qe5 24. b5 Bd7 25. a4 a5 26. Nh5 Rh6 27. Nf4 Ne8 28. Qb3 Ng7 29. Rbd2 Rf6 30. Qb2 Qe7 31. Qc3 Rff8 32. Qb2 Be8 33. Qc3 Bf7 34. Qb2 Ne8 35. Qc3 Nf6 36. Qb2 Nd7 37. Qc3 Ne5 38. Rc2 Qf6 39. Kf1 Rfe8 40. Rcc1 Kf8 41. Rc2 Ke7 42. Rcc1 Kd7 43. Rc2 Qh6 44. Rcd2 Kc7 45. Ke2 Ng6 46. Nxg6 hxg6 47. Rh1 Re5 48. Rdd1 Rh8 49. Qb2 Qg7 50. Qc3 Rh5 51. Qb2 Be8 52. Qc3 Bd7 53. Qb2 Kd8 54. Qc3 Ke7 55. Qb2 Kf7 56. Qc3 Qh7 57. Qb2 Re8 58. Qc3 Rh8 59. Qa1 Qg8 60. Qc3 R8h6 61. Qb2 Qh7 62. Qa1 Bc8 63. Kd2 Bd7 64. Ke2 Qg8 65. Qc3 Qd8 66. Qa1 Qe7 67. Qc3 Rh8 68. Qb2 Qd8 69. Qa1 R8h7 70. Qb2 Qg8 71. Qa1 Bc8 72. Kd2 Bd7 73. Ke2 Qe8 74. Qc3 Qe5 75. Qa1 Kg8 76. Kd2 Re7 77. Ke2 Kf7 78. Kd2 Ke8 79. Kc2 Kd8 80. Kd2 Be8 81. Ke2 Rh8 82. Kd2 Rhh7 83. Ke2 Bd7 84. Kd2 Re8 85. Ke2 Kc7 86. Kd2 Qe7 87. Ke2 f4 88. exf4 e3 89. f3 Bf5 90. Qc3 Kb7 91. Ra1 Qf8 92. Ra3 Rhe7 93. Rc1 Qh6 94. Qf6 Qh5 95. Qxd6 gxf3+ 96. Bxf3 Qh8 97. Rcc3 Qd4 98. Ra2 Qxc3 99. Qxe7+ Rxe7 100. d6+ Re4 0-1

[Event "Sousse BICA op 1st"]
[Site "Sousse"]
[Date "2021.12.26"]
[Round "4"]
[White "Chikhaoui, Walid"]
[Black "Elmejbri, Ali Abdoullah"]
[Result "1-0"]
[WhiteElo "2113"]
[BlackElo "1931"]
[PlyCount "83"]
[EventDate "2021.12.24"]
[EventType "swiss"]
[EventRounds "9"]
[EventCountry "TUN"]
[SourceTitle "CBM 205 Extra"]
[Source "ChessBase"]
[SourceDate "2022.01.31"]
[SourceVersion "1"]
[SourceVersionDate "2022.01.31"]
[SourceQuality "1"]

1. c4 f5 2. Nc3 e6 3. g3 Nf6 4. Bg2 d6 5. Nf3 Be7 6. 0-0 0-0 7. d4 a5 8. Qc2 Nc6 9. e4 Nb4 10. Qe2 fxe4 11. Nxe4 Nxe4 12. Qxe4 e5 13. g4 Qd7 14. h3 h5 15. Nh2 exd4 16. Qxd4 Bf6 17. Qd1 hxg4 18. hxg4 c6 19. a3 Na6 20. Rb1 Qe6 21. b3 Nc7 22. Re1 Qd7 23. f4 Re8 24. Bb2 Rxe1+ 25. Qxe1 Qe6 26. Bxf6 Qxf6 27. f5 Bd7 28. Rd1 d5 29. Qg3 Rc8 30. Nf3 Be8 31. Ne5 dxc4 32. bxc4 Rd8 33. Rxd8 Qxd8 34. g5 Qd1+ 35. Kh2 Qh5+ 36. Kg1 Qd1+ 37. Bf1 Qd4+ 38. Kh2 Qd1 39. Qf4 Qe1 40. f6 gxf6 41. gxf6 Bf7 42. Qg5+ 1-0

[Event "TUN-chT"]
[Site "Hammamet"]
[Date "2019.03.16"]
[Round "9.2"]
[White "Saadani, Tarak"]
[Black "Chikhaoui, Walid"]
[Result "1/2-1/2"]
[WhiteElo "2081"]
[BlackElo "2210"]
[PlyCount "36"]
[EventDate "2019.02.09"]
[EventType "team-tourn"]
[EventRounds "11"]
[EventCountry "TUN"]
[SourceTitle "CBM 190 Extra"]
[Source "ChessBase"]
[SourceDate "2019.07.15"]
[SourceVersion "1"]
[SourceVersionDate "2019.07.15"]
[SourceQuality "1"]
[WhiteTeam "Kef"]
[BlackTeam "Sfax"]
[WhiteTeamCountry "TUN"]
[BlackTeamCountry "TUN"]

1. e4 d6 2. d4 Nf6 3. Nc3 g6 4. g3 Bg7 5. Bg2 0-0 6. Nge2 e5 7. 0-0 Nc6 8. h3 Re8 9. Bg5 h6 10. Be3 b6 11. Qd2 Kh7 12. Rad1 Ba6 13. d5 Nd4 14. Rfe1 Nxe2+ 15. Nxe2 Qd7 16. b3 Bxe2 17. Rxe2 a5 18. c4 Rf8 1/2-1/2

[Event "TUN-chT"]
[Site "Hammamet"]
[Date "2019.03.09"]
[Round "4.4"]
[White "Chikhaoui, Walid"]
[Black "Bouaziz, Mehdi"]
[Result "1/2-1/2"]
[WhiteElo "2210"]
[BlackElo "2253"]
[PlyCount "131"]
[EventDate "2019.02.09"]
[EventType "team-tourn"]
[EventRounds "11"]
[EventCountry "TUN"]
[SourceTitle "CBM 190 Extra"]
[Source "ChessBase"]
[SourceDate "2019.07.15"]
[SourceVersion "1"]
[SourceVersionDate "2019.07.15"]
[SourceQuality "1"]
[WhiteTeam "Sfax"]
[BlackTeam "Bouhjar"]
[WhiteTeamCountry "TUN"]
[BlackTeamCountry "TUN"]

1. e4 c5 2. Nf3 Nc6 3. Bb5 g6 4. 0-0 Bg7 5. Re1 Nf6 6. d3 0-0 7. Be3 b6 8. Bxc6 dxc6 9. Qc1 Nd7 10. Bh6 e5 11. Bxg7 Kxg7 12. Nbd2 Qe7 13. Nc4 Rd8 14. Qg5 Qxg5 15. Nxg5 h6 16. Nf3 f6 17. a4 Nf8 18. h3 Ne6 19. Kh2 h5 20. b3 g5 21. Ne3 Nf4 22. Ng1 g4 23. h4 Ng6 24. g3 Be6 25. f3 gxf3 26. Nxf3 Ne7 27. Rf1 Rf8 28. Rf2 Rf7 29. Raf1 Raf8 30. Kg2 Rh8 31. Nd2 b5 32. Ra1 a6 33. axb5 axb5 34. Ra7 Nc8 35. Ra6 Rc7 36. Nd5 Bxd5 37. exd5 Nd6 38. Rf1 Rhc8 39. c4 bxc4 40. bxc4 Rb8 41. dxc6 Rb2 42. Rf2 f5 43. Nf1 Rxf2+ 44. Kxf2 e4 45. Ke2 exd3+ 46. Kxd3 Nf7 47. Ne3 Ne5+ 48. Kc3 Rxc6 49. Rxc6 Nxc6 50. Nxf5+ Kf6 51. Nd6 Nd4 52. Kd3 Ke5 53. Ne4 Ne6 54. Ke3 Kf5 55. Nd6+ Ke5 56. Nf7+ Kf6 57. Nd6 Ke5 58. Ne4 Kf5 59. Nd2 Nd4 60. Kf2 Nc6 61. Nb3 Ne5 62. Nxc5 Nxc4 63. Nd3 Kg4 64. Kg2 Ne3+ 65. Kf2 Nd1+ 66. Kg2 1/2-1/2

[Event "Arab Cities"]
[Site "Hammamet"]
[Date "2019.02.22"]
[Round "3.2"]
[White "Chikhaoui, Walid"]
[Black "Fawzy, Adham"]
[Result "0-1"]
[WhiteElo "2210"]
[BlackElo "2447"]
[PlyCount "90"]
[EventDate "2019.02.21"]
[EventType "team-swiss"]
[EventRounds "7"]
[EventCountry "TUN"]
[SourceTitle "CBM 189 Extra"]
[Source "ChessBase"]
[SourceDate "2019.06.03"]
[SourceVersion "1"]
[SourceVersionDate "2019.06.03"]
[SourceQuality "1"]
[WhiteTeam "Sfax"]
[BlackTeam "Cairo"]
[WhiteTeamCountry "TUN"]
[BlackTeamCountry "EGY"]

1. d4 Nf6 2. Nf3 e6 3. Bg5 c5 4. c3 Nc6 5. e3 d5 6. Nbd2 Qb6 7. Qb3 Bd7 8. Be2 Bd6 9. Qxb6 axb6 10. 0-0 Ng8 11. e4 f6 12. Be3 Nge7 13. exd5 Nxd5 14. Ne4 Bf4 15. Bxf4 Nxf4 16. Rfe1 cxd4 17. Nxd4 Nxd4 18. cxd4 Ke7 19. Nc3 Bc6 20. f3 Rhd8 21. Rad1 Bd5 22. Nxd5+ Nxd5 23. Bc4 Ra4 24. Bb3 Rb4 25. Rd2 Rd6 26. g3 Nc7 27. Red1 Nb5 28. d5 e5 29. Rc2 Nd4 30. Rc7+ Rd7 31. Rc3 Ne2+ 32. Kf2 Nxc3 33. bxc3 Rb5 34. c4 Rc5 35. a4 Kd6 36. Ke3 f5 37. Rg1 Rf7 38. Kd3 Rc8 39. Kc3 f4 40. gxf4 Rxf4 41. Kb4 g6 42. Rg3 Rh4 43. h3 Rd4 44. Kb5 Rd3 45. Kb4 Rf8 0-1

[Event "Francophone-ch 5th"]
[Site "Yasmine Hammamet"]
[Date "2017.11.02"]
[Round "7"]
[White "Belkhodja, Slim"]
[Black "Chikhaoui, Walid"]
[Result "1/2-1/2"]
[WhiteElo "2398"]
[BlackElo "2192"]
[PlyCount "75"]
[EventDate "2017.10.28"]
[EventType "swiss"]
[EventRounds "9"]
[EventCountry "TUN"]
[SourceTitle "EXT 2019"]
[Source "ChessBase"]
[SourceDate "2018.10.10"]
[SourceVersion "1"]
[SourceVersionDate "2018.10.10"]
[SourceQuality "1"]

1. e4 c5 2. Nf3 e6 3. d3 Nc6 4. g3 d6 5. Bg2 Nf6 6. 0-0 Be7 7. Re1 0-0 8. c3 Bd7 9. Na3 Rb8 10. Nc2 b5 11. d4 cxd4 12. Nfxd4 Nxd4 13. Nxd4 e5 14. Nc2 h6 15. h3 Qc8 16. Kh2 Bc6 17. Qd3 Re8 18. Nb4 Bd7 19. f4 a5 20. Nc2 Bc6 21. Ne3 exf4 22. gxf4 Bxe4 23. Bxe4 Nxe4 24. Qxe4 Bh4 25. Qh1 Bxe1 26. Qxe1 b4 27. Bd2 Re4 28. Qg3 Kh7 29. Rg1 g6 30. Rg2 Qe6 31. f5 Qe5 32. fxg6+ fxg6 33. Ng4 Qxg3+ 34. Kxg3 Rc8 35. Nxh6 bxc3 36. bxc3 Ra4 37. Re2 g5 38. Bxg5 1/2-1/2

[Event "TUN-ch"]
[Site "Hammamet"]
[Date "2016.12.10"]
[Round "9"]
[White "Chikhaoui, Walid"]
[Black "Boudriga, Mohamed Ali"]
[Result "0-1"]
[WhiteElo "2198"]
[BlackElo "2370"]
[PlyCount "124"]
[EventDate "2016.12.05"]
[EventType "swiss"]
[EventRounds "9"]
[EventCountry "TUN"]
[SourceTitle "CBM 176 Extra"]
[Source "ChessBase"]
[SourceDate "2017.03.02"]
[SourceVersion "1"]
[SourceVersionDate "2017.03.02"]
[SourceQuality "1"]

1. e4 c5 2. Nf3 d6 3. d4 cxd4 4. Qxd4 a6 5. Be3 Nc6 6. Qb6 Qxb6 7. Bxb6 g6 8. Nc3 Nf6 9. Nd5 Nxd5 10. exd5 Nb4 11. 0-0-0 Bh6+ 12. Kb1 Bf5 13. Nd4 Be4 14. Ba5 Nxd5 15. f3 Ne3 16. Re1 Nxf1 17. Rhxf1 Bc6 18. Bc3 Rg8 19. Nxc6 bxc6 20. Re4 c5 21. Rh4 Bg7 22. Bxg7 Rxg7 23. Rh6 Kd7 24. Re1 e5 25. Re4 Kc6 26. Reh4 Rh8 27. g4 f6 28. Kc1 d5 29. Kd2 Kd6 30. g5 fxg5 31. Ra4 Ra8 32. Rg4 Rf8 33. Ke2 Rf5 34. Ra4 Ra7 35. Ra3 Rf4 36. Rb3 Rb4 37. Rxb4 cxb4 38. Rh3 Ke6 39. Rg3 Kf5 40. Rg1 Rc7 41. Kd2 Rc4 42. Rf1 h5 43. Rf2 Kf4 44. Kd3 Rc5 45. Rf1 Ra5 46. c4 bxc3 47. Kxc3 Rxa2 48. Kb3 Ra5 49. Rf2 Rb5+ 50. Kc2 Rb6 51. Kc3 Ke3 52. Rg2 Rc6+ 53. Kb3 Kxf3 54. Rxg5 d4 55. Rxe5 d3 56. Rd5 Ke3 57. Re5+ Kd4 58. Re8 d2 59. Rd8+ Ke3 60. Re8+ Kd3 61. Rd8+ Ke2 62. Re8+ Kd1 0-1

[Event "TUN-ch"]
[Site "Hammamet"]
[Date "2016.12.08"]
[Round "6"]
[White "Chikhaoui, Walid"]
[Black "Douissa, Oussama"]
[Result "0-1"]
[WhiteElo "2198"]
[BlackElo "2207"]
[PlyCount "150"]
[EventDate "2016.12.05"]
[EventType "swiss"]
[EventRounds "9"]
[EventCountry "TUN"]
[SourceTitle "EXT 2018"]
[Source "ChessBase"]
[SourceDate "2017.10.13"]
[SourceVersion "1"]
[SourceVersionDate "2017.10.13"]
[SourceQuality "1"]

1. Nf3 Nf6 2. d4 g6 3. c4 Bg7 4. Nc3 0-0 5. g3 d6 6. Bg2 Nbd7 7. 0-0 e5 8. e4 exd4 9. Nxd4 Re8 10. h3 c6 11. Re1 a5 12. Bf4 Ne5 13. Bf1 Qb6 14. Nb3 a4 15. Be3 Qb4 16. Nd2 Ned7 17. a3 Qa5 18. Qc2 Nf8 19. Rad1 Ne6 20. Nf3 Bf8 21. Bg2 Nd7 22. Bd2 Qa6 23. Bf1 Nec5 24. Bf4 Ne5 25. Nxe5 dxe5 26. Be3 Qa5 27. f4 Ne6 28. fxe5 Qxe5 29. Qf2 Bc5 30. Kh2 Bxe3 31. Qxe3 Kg7 32. Rd2 h5 33. Ne2 h4 34. Qc3 hxg3+ 35. Nxg3 Ra5 36. Re3 Qxc3 37. Rxc3 Re5 38. Bg2 Rh8 39. Nh1 Nc5 40. Nf2 Ree8 41. Kg3 Rd8 42. Rxd8 Rxd8 43. Rc2 Rd4 44. Kf4 Kf6 45. h4 Be6 46. Bf1 Ke7 47. Ke3 Rd8 48. Kf4 Rh8 49. Kg3 Kf6 50. Rc3 Rd8 51. Kf4 Rd2 52. e5+ Ke7 53. Nd3 Nxd3+ 54. Bxd3 Rxb2 55. Bc2 b5 56. cxb5 cxb5 57. Ke3 b4 58. axb4 Rxb4 59. Be4 Rb3 60. Kd4 a3 61. Rc7+ Kd8 62. Ra7 a2 63. Kc5 Rb1 64. Ra8+ Ke7 65. Bc6 Rc1+ 66. Kb6 f5 67. Ra7+ Kf8 68. Ra8+ Kg7 69. Ra7+ Kh6 70. Re7 Bb3 71. Ra7 a1Q 72. Rxa1 Rxa1 73. Kc7 Rc1 74. Kd6 Rxc6+ 75. Kxc6 f4 0-1

[Event "TUN-ch"]
[Site "Hammamet"]
[Date "2016.12.05"]
[Round "1"]
[White "Hbacha, Achraf"]
[Black "Chikhaoui, Walid"]
[Result "1-0"]
[WhiteElo "2057"]
[BlackElo "2198"]
[PlyCount "53"]
[EventDate "2016.12.05"]
[EventType "swiss"]
[EventRounds "9"]
[EventCountry "TUN"]
[SourceTitle "CBM 176 Extra"]
[Source "ChessBase"]
[SourceDate "2017.03.02"]
[SourceVersion "1"]
[SourceVersionDate "2017.03.02"]
[SourceQuality "1"]

1. e4 c5 2. Nf3 e6 3. Nc3 a6 4. g3 d6 5. Bg2 Nf6 6. 0-0 Be7 7. d4 cxd4 8. Nxd4 0-0 9. h3 Qc7 10. a4 Bd7 11. a5 Nc6 12. Nb3 Ne5 13. g4 Bb5 14. Nxb5 axb5 15. g5 Nfd7 16. f4 Nc4 17. f5 Rfe8 18. Qh5 g6 19. Qh4 Bf8 20. Qf2 Nde5 21. Nd4 Rxa5 22. Rxa5 Nxa5 23. fxe6 fxe6 24. Qxf8+ Rxf8 25. Rxf8+ Kxf8 26. Nxe6+ Ke8 27. Nxc7+ 1-0

[Event "TUN-chB"]
[Site "Hammamet"]
[Date "2016.10.15"]
[Round "1"]
[White "Ben Youssef, Chedly"]
[Black "Chikhaoui, Walid"]
[Result "1/2-1/2"]
[WhiteElo "1606"]
[BlackElo "2211"]
[PlyCount "89"]
[EventDate "2016.10.15"]
[EventType "swiss"]
[EventRounds "9"]
[EventCountry "TUN"]
[SourceTitle "EXT 2018"]
[Source "ChessBase"]
[SourceDate "2017.10.13"]
[SourceVersion "1"]
[SourceVersionDate "2017.10.13"]
[SourceQuality "1"]

1. e4 c5 2. Bc4 Nc6 3. Nf3 e6 4. Nc3 d6 5. a3 Nf6 6. d3 Be7 7. Bd2 0-0 8. 0-0 a6 9. h3 d5 10. exd5 exd5 11. Ba2 b5 12. Re1 d4 13. Ne2 h6 14. Nf4 Bd6 15. Ng6 Re8 16. Rxe8+ Qxe8 17. Qe1 Bf5 18. Nf4 Qd7 19. Nd5 Nxd5 20. Bxd5 Re8 21. Qc1 Ne7 22. Bb3 Ng6 23. Qf1 Qc6 24. Re1 Rxe1 25. Nxe1 Bc8 26. Qe2 Bb7 27. Ba2 Qd7 28. Qh5 Kh7 29. Nf3 f6 30. Nh4 Nxh4 31. Qxh4 Qe7 32. Qg4 g6 33. Qe6 Qxe6 34. Bxe6 Kg7 35. f4 f5 36. Kf2 Kf6 37. Bb3 Bc7 38. g3 g5 39. c3 Bb6 40. cxd4 c4 41. dxc4 Bxd4+ 42. Kf1 Bxb2 43. cxb5 axb5 44. a4 bxa4 45. Bxa4 1/2-1/2

[Event "Arab Clubs-chT 11th"]
[Site "Tunis"]
[Date "2009.12.18"]
[Round "8"]
[White "Chikhaoui, Walid"]
[Black "Hamad, Ahmad"]
[Result "1/2-1/2"]
[WhiteElo "2286"]
[BlackElo "2281"]
[PlyCount "100"]
[EventDate "2009.12.12"]
[EventType "team-swiss"]
[EventRounds "9"]
[EventCountry "TUN"]
[SourceTitle "EXT 2020"]
[Source "ChessBase"]
[SourceDate "2019.10.17"]
[SourceVersion "1"]
[SourceVersionDate "2019.10.17"]
[SourceQuality "1"]
[WhiteTeam "Sfax"]
[BlackTeam "Omal Essekek"]
[WhiteTeamCountry "TUN"]
[BlackTeamCountry "SYR"]

1. d4 f5 2. c4 Nf6 3. Nc3 e6 4. Nf3 b6 5. g3 Bb7 6. Bg2 Bb4 7. 0-0 Bxc3 8. bxc3 0-0 9. d5 Qc8 10. Nd4 Ne4 11. f3 Nc5 12. Nb3 d6 13. Nxc5 bxc5 14. e4 exd5 15. cxd5 Ba6 16. Re1 Nd7 17. exf5 Nb6 18. g4 Bc4 19. f4 a5 20. a4 Qb7 21. Rb1 Rae8 22. Re6 Qa8 23. Kf2 Bxd5 24. Bxd5 Qxd5 25. Qxd5 Nxd5 26. Rxe8 Rxe8 27. Rb5 Ra8 28. Rb7 Nxc3 29. Rxc7 Nxa4 30. g5 d5 31. Ba3 d4 32. Bxc5 Nxc5 33. Rxc5 a4 34. Ke2 a3 35. Rc1 a2 36. Ra1 Ra3 37. Kd2 Rf3 38. Kc2 Rxf4 39. Rxa2 Rxf5 40. Kd3 Rxg5 41. Kxd4 Rf5 42. Ke4 Rf8 43. Rg2 h6 44. Rg3 Kh7 45. Ke3 g5 46. h4 Kg6 47. hxg5 hxg5 48. Rf3 Re8+ 49. Kf2 Kh5 50. Kg3 Re4 1/2-1/2

[Event "Olympiad-37"]
[Site "Turin"]
[Date "2006.05.30"]
[Round "9"]
[White "Nyysti, Sampsa"]
[Black "Chikhaoui, Walid"]
[Result "0-1"]
[WhiteElo "2369"]
[BlackElo "2322"]
[PlyCount "62"]
[EventDate "2006.05.21"]
[EventType "team-swiss"]
[EventRounds "13"]
[EventCountry "ITA"]
[SourceTitle "CBM 113"]
[Source "ChessBase"]
[SourceDate "2006.07.31"]
[SourceVersion "1"]
[SourceVersionDate "2006.07.31"]
[SourceQuality "1"]
[WhiteTeam "Finland"]
[BlackTeam "Tunisia"]
[WhiteTeamCountry "FIN"]
[BlackTeamCountry "TUN"]

1. e4 c5 2. Nf3 e6 3. d4 cxd4 4. Nxd4 a6 5. Bd3 Bc5 6. Nb3 Be7 7. Qg4 g6 8. Qe2 Nc6 9. 0-0 Qc7 10. Nc3 Bf6 11. Kh1 Bg7 12. f4 d6 13. Bd2 Nf6 14. Rae1 0-0 15. g4 b5 16. g5 Nd7 17. f5 Re8 18. f6 Bf8 19. Rf4 Nce5 20. Nd1 Bb7 21. Na5 d5 22. Nxb7 Qxb7 23. Nf2 Rac8 24. Bc3 d4 25. Bd2 Nxd3 26. Qxd3 Ne5 27. Qb3 Qc7 28. c3 Nc4 29. Bc1 Na5 30. Qd1 dxc3 31. bxc3 Red8 0-1

[Event "Olympiad-37"]
[Site "Turin"]
[Date "2006.05.28"]
[Round "7"]
[White "Draghici, G."]
[Black "Chikhaoui, Walid"]
[Result "0-1"]
[WhiteElo "2096"]
[BlackElo "2322"]
[PlyCount "62"]
[EventDate "2006.05.21"]
[EventType "team-swiss"]
[EventRounds "13"]
[EventCountry "ITA"]
[SourceTitle "CBM 113"]
[Source "ChessBase"]
[SourceDate "2006.07.31"]
[SourceVersion "1"]
[SourceVersionDate "2006.07.31"]
[SourceQuality "1"]
[WhiteTeam "IBCA"]
[BlackTeam "Tunisia"]
[BlackTeamCountry "TUN"]

1. e4 c5 2. Nf3 e6 3. d4 cxd4 4. Nxd4 a6 5. Bd3 Bc5 6. Nb3 Be7 7. 0-0 Nc6 8. f4 d6 9. Be3 Nf6 10. a4 0-0 11. N1d2 e5 12. Nc4 Be6 13. Bb6 Qc8 14. Nbd2 exf4 15. Rxf4 Ne5 16. Ne3 Nfd7 17. Bd4 Bg5 18. Nf5 g6 19. Rg4 Nxg4 20. Qxg4 Qd8 21. Nf3 Bf6 22. Rf1 Kh8 23. Bxf6+ Nxf6 24. Qh4 gxf5 25. Ng5 Rg8 26. exf5 Bd5 27. c4 Qb6+ 28. Rf2 Qe3 29. Nxf7+ Bxf7 30. Qxf6+ Rg7 31. Qxd6 Rag8 0-1

[Event "Olympiad-36"]
[Site "Mallorca"]
[Date "2004.10.19"]
[Round "5"]
[White "Dukaczewski, Piotr"]
[Black "Chikhaoui, Walid"]
[Result "0-1"]
[WhiteElo "2366"]
[BlackElo "2324"]
[PlyCount "76"]
[EventDate "2004.10.15"]
[EventType "team-swiss"]
[EventRounds "14"]
[EventCountry "ESP"]
[SourceTitle "CBM 104"]
[Source "ChessBase"]
[SourceDate "2005.01.27"]
[SourceVersion "1"]
[SourceVersionDate "2005.01.27"]
[SourceQuality "1"]
[WhiteTeam "IBCA"]
[BlackTeam "Tunisia"]
[BlackTeamCountry "TUN"]

1. e4 c5 2. Nf3 e6 3. d4 cxd4 4. Nxd4 a6 5. Bd3 Bc5 6. Nb3 Ba7 7. Qe2 Nc6 8. 0-0 Nge7 9. Kh1 0-0 10. f4 f5 11. e5 d5 12. exd6 Qxd6 13. N1d2 Nd5 14. Nc4 Qc7 15. Bd2 b5 16. Nca5 Nxa5 17. Bxa5 Qe7 18. c4 Ne3 19. Rf3 Ng4 20. Be1 Bb7 21. cxb5 axb5 22. Rh3 Rf6 23. Nd2 Qd6 24. Nf3 Qxf4 25. Rh4 Rd8 26. Bg3 Qe3 27. Qxe3 Nxe3 28. Be2 g5 29. Be5 Rg6 30. Rb4 Nc2 31. Rxb5 Bxf3 32. gxf3 Nxa1 33. a4 Nc2 34. a5 Nd4 35. Rb7 Nxe2 36. Rxa7 g4 37. Kg2 Nd4 38. fxg4 Nc6 0-1

[Event "Olympiad-36"]
[Site "Mallorca"]
[Date "2004.10.17"]
[Round "3"]
[White "Gunnarsson, Arnar"]
[Black "Chikhaoui, Walid"]
[Result "1-0"]
[WhiteElo "2437"]
[BlackElo "2324"]
[PlyCount "67"]
[EventDate "2004.10.15"]
[EventType "team-swiss"]
[EventRounds "14"]
[EventCountry "ESP"]
[SourceTitle "CBM 104"]
[Source "ChessBase"]
[SourceDate "2005.01.27"]
[SourceVersion "1"]
[SourceVersionDate "2005.01.27"]
[SourceQuality "1"]
[WhiteTeam "Iceland"]
[BlackTeam "Tunisia"]
[WhiteTeamCountry "ISL"]
[BlackTeamCountry "TUN"]

1. c4 Nf6 2. Nc3 g6 3. g3 Bg7 4. Bg2 0-0 5. Nf3 d6 6. 0-0 c5 7. d3 Nc6 8. Bd2 a6 9. Qc1 Re8 10. Bh6 Bh8 11. h3 Rb8 12. Nh4 Nd4 13. e3 Nf5 14. Nxf5 Bxf5 15. e4 Bd7 16. a4 b5 17. e5 dxe5 18. axb5 axb5 19. Nxb5 Qb6 20. b4 Bxb5 21. bxc5 Qxc5 22. Be3 Qd6 23. cxb5 Rec8 24. Qb1 Nd5 25. Ra6 Qd7 26. Bxd5 Qxd5 27. b6 Bf6 28. Rc1 Rxc1+ 29. Qxc1 e4 30. dxe4 Qxe4 31. Qc7 Be5 32. Qxe7 Qd5 33. Ra7 Kg7 34. Rd7 1-0